Reading and writing: teaching for the connections
Uloženo v:
| Hlavní autoři: | , |
|---|---|
| Médium: | Kniha |
| Jazyk: | angličtina |
| Vydáno: |
San Diego
Harcourt Brace Jovanovich
1991
|
| Témata: | |
| Tagy: |
Přidat tag
Žádné tagy, Buďte první, kdo vytvoří štítek k tomuto záznamu!
|
MARC
| LEADER | 00000nam a2200000 a 4500 | ||
|---|---|---|---|
| 001 | UCP4684 | ||
| 003 | CL-VaPUC | ||
| 008 | 990813e19910000US |||||||||||||||||eng|d | ||
| 082 | 0 | 4 | |a 428.8 |b HAR |2 21 |
| 100 | 0 | |a Harp, Bill |e author |9 432364 | |
| 700 | 0 | |a Brewer, Jo Ann |e author |9 432365 | |
| 245 | 1 | 0 | |a Reading and writing: teaching for the connections |
| 300 | |a 542 p | ||
| 942 | |c BK | ||
| 945 | |d 19990813 00:00:00 |a rbrito | ||
| 260 | |a San Diego |b Harcourt Brace Jovanovich |c 1991 | ||
| 650 | 0 | |a Inglés |9 260023 | |
| 650 | 0 | |a Ejercicios de escritura |9 346986 | |
| 650 | 0 | |a Ejercicios de lectura |9 324248 | |
| 650 | 0 | |a Enseñanza del inglés |9 367340 | |
| 650 | 0 | |a Enseñanza de idiomas |9 339820 | |
| 583 | |a last modification |c 19990813 00:00:00 |k Rodrigo Vera | ||
| 999 | |c 282586 |d 282584 | ||
| 952 | |0 0 |1 0 |4 0 |6 428_800000000000000_HAR_1991 |7 0 |8 A |9 324488 |a FDOPOS |b BIBEDU |d 2019-11-20 |i 3547485 |l 1 |o 428.8 HAR 1991 |p 3547485 |r 2025-01-22 |s 2024-09-06 |w 2019-11-20 |y BK |k MLA | ||